000 00662 a2200205 4500
010 _aENG-90077
020 _c75.00
035 _aEN-73610
037 _bDBAD / PUB
082 1 4 _a793.74
090 _c12295
_d12295
100 _aIndira Narasinga Rao
245 1 _aMagic of magic squares/
_cby Indira Narasinga Rao
260 _aChennai
_bIndira Publishers
_c2007
270 _aNo. 22/19, Anjaneyar Koil Street, East Tambaram,
_bChennai
_e600059
300 _aviii, 104p.
_c21 cm ( Pbk.)
700 _aHusain, M.G.
942 _adpl
_cEN
_k793.74 / IND
999 _c11941
_d11941